| 000 | 00375nam a2200157Ia 4500 | ||
|---|---|---|---|
| 005 | 20250406071556.0 | ||
| 008 | 240331s9999 xx 000 0 und d | ||
| 020 | _a9559510053 | ||
| 082 |
_bSHA _a894 |
||
| 100 | _aSharfunnissa,P | ||
| 245 | 0 | _aGramiya mammam | |
| 260 |
_aColombo _bPessum Pena _c2000 |
||
| 300 | _a56 p ., | ||
| 650 | _aKavithaikalum Vilakkamum | ||
| 942 | _cL | ||
| 999 |
_c4647 _d4647 |
||